000 00561nam a2200193 4500
001 131636
003 ES-MaACL
005 20230906194022.0
007 t|
008 070214s1985 sp r ||||1| spa d
100 1 _aRodríguez Huéscar, Antonio.
_998579
245 1 0 _aPerspectiva y verdad /
_cAntonio Rodríguez Huéscar.
260 _aMadrid :
_bAlianza,
_c1985.
300 _a442 p. ;
_c20 cm.
490 1 _aAlianza universidad ;
_v419
830 0 _aAlianza universidad ;
_v419
_9177276
852 _aES-MaACL
_jL-9697
_bR.108474
999 _c131636
_d131636